Представление документа в формате RUSMARC

ПолеНазваниеЗначение
  Тип записи a
  Библиографический уровень m
001 Контрольный номер SKBR/6465aadc-8b07-438f-9a09-aa1298228174
005 Дата корректировки 20241122144426.2
010 Индекс ISBN __
a ISBN 978-5-373-03208-7
b Уточнения в пер.
9 Тираж 5000 экз.
d Цена 1000-00
035 Другие системные номера __
a Идентификатор записи RU/ГПНТБ России/TEST/63.3(2)44-8/И 18-344882124
100 Данные общей обработки __
a Данные общей обработки 20080314d2012 ma y0rusy028902 ca
101 Язык документа 0_
a Язык текста rus
102 Страна публикации __
a Страна публикации RU
105 Кодированные данные (монография) __
a Кодированные данные (монография) a z 000yb
181 Поле кодированных данных: вид содержания _0
a Код вида содержания (ISBD) i
181 Поле кодированных данных: вид содержания _0
a Код вида содержания (ISBD) b
182 Поле кодированных данных: тип средства _0
a Код типа средства (ISBD) n
200 Заглавие и сведения об ответственности 1_
a Заглавие Иван Грозный
f Первые сведения об ответственности автор-составитель М. О. Колыванова
203 Вид содержания и тип средства __
a Вид содержания Текст
a Вид содержания Изображение
c Тип средства непосредственные
210 Выходные данные 1_
a Место издания Москва
c Издательство Олма Медиа Групп
d Дата издания 2012
215 Физическое описание __
a Объем 93, [2] с.
c Иллюстрации/тип воспроизводства цв. ил.
d Формат 31х31 см
300 Общие примечания __
a Общие примечания Книга в футляре. Содержит вкладыши, окошки, интерактивные элементы
330 Аннотация __
a Аннотация Эта книга - о первом русском царе, чья личность до сих пор вызывает жаркие споры историков. Иван Грозный - каким он был на самом деле, что сделал для страны, как жил и правил? Фигура в истории государства весьма заметная, личность, безусловно, сильная и противоречивая - таким предстает Иван Грозный в этой книге. Вы многое узнаете о нем и о том, что сделал он для страны
600 Персоналии _0
a Персоналии (Фамилия) Иван Васильевич
c Дополнение к имени Грозный
d Римские цифры IV
f Даты 1530-1584
2 Код системы nlr_sh
600 Персоналии _0
2 Код системы nlr_sh
a Персоналии (Фамилия) Иван Грозный
f Даты 1530-1584
606 Тематические рубрики __
a Основная рубрика История
2 Код системы nlr_sh
606 Тематические рубрики __
2 Код системы nlr_sh
a Основная рубрика Россия в IX - XVII вв.
610 Ключевые слова 1_
a Ключевые слова русские цари
610 Ключевые слова 1_
a Ключевые слова цари русские
610 Ключевые слова 1_
a Ключевые слова история России
610 Ключевые слова 0_
a Ключевые слова великие князья
610 Ключевые слова 0_
a Ключевые слова исторические личности
610 Ключевые слова 0_
a Ключевые слова персоналии
610 Ключевые слова 0_
a Ключевые слова монархи
686 Индексы других классификаций __
2 Код системы rubbks
a Классификационный индекс 63.3(2)43-8
702 Вторичная интеллектуальная ответственность _1
a Фамилия Колыванова
b Имя М. О.
4 Код отношения 220
g Полное личное имя Мария Олеговна
801 Источник записи _0
b Организация ГПНТБ России
a Страна RU
c Дата составления 20080314
g Правила каталогизации PSBO
801 Источник записи _1
b Организация ГПНТБ России
a Страна RU
c Дата составления 20171013
g Правила каталогизации PSBO
852 Данные о местонахождении __
i Авторский знак И 18
j Шифр хранения 63.3(2)43-8
900 Макрообъекты __
a Макрообъекты Иван Грозный. М.Колыванова. 2012
901 Тип документа __
a Ответственный КиК/Обаева
t Тип документа m
903 Характеристики (МАРС) __
a Дата передачи 20240201
c Наименование библиотеки (МАРС) Муниципальное бюджетное учреждение культуры "Централизованная библиотечная система" г. Сургут (Центральная городская библиотека им. А. С. Пушкина)
969 Тип издания __
a Тип издания интерактивная книга
990 Данные о заказе (DOS) __
j Количество экземпляров (DOS) 1
t N записи в КСУ для И/У (DOS) 202405